Statistics for Which filmography?

Click here to take the quiz!

General Stats

  • This quiz has been taken 17 times
  • The average score is 13 of 30

Answer Stats

MovieCountry% Correct
Mad Max (1979)Australia
100%
Spirited Away (2001)Japan
87%
Y Tu Mamá También (2001)Mexico
87%
Crouching Tiger, Hidden Dragon (2000)Taiwan/China
87%
28 Days Later (2002)UK
80%
Run Lola Run (1998)Germany
73%
Dancer in the Dark (2000)Denmark
60%
Blue Is the Warmest Color (2013)France
60%
Let the Right One In (2008)Sweden
60%
Piano (1993)New Zealand
53%
Waltz with Bashir (2008)Israel
47%
No Man's Land (2001)Bosnia and Herzegovina
40%
Headhunters (2011)Norway
40%
Incendies (2010)Canada
33%
A Separation (2011)Iran
33%
Leviathan (2014)Russia
33%
[Rec] (2007)Spain
33%
Uncle Boonmee Who Can Recall His Past Lives (2010)Thailand
33%
Wild Tales (2014)Argentina
27%
Goodnight Mommy (2014)Austria
27%
Two Days, One Night (2014)Belgium
27%
Elite Squad (2007)Brazil
27%
Dogtooth (2009)Greece
27%
The Turin Horse (2011)Hungary
27%
The Guard (2011)Ireland
27%
Kinatay (2009)Philippines
27%
4 Months, 3 Weeks & 2 Days (2007)Romania
27%
Winter Sleep (2014)Turkey
27%
Memories of Murder (2003)South Korea
20%
The High Sun (2015)Croatia
13%

Score Distribution

Percentile by Number Answered

Percent of People with Each Score

Your Score History

You have not taken this quiz